书目信息 |
| 题名: |
大地震临震预报的曙光
|
|
| 作者: | 李尚勇 著 | |
| 分册: | ||
| 出版信息: | 北京 东方出版社 2018 |
|
| 页数: | 475页 | |
| 开本: | 23cm | |
| 丛书名: | ||
| 单 册: | ||
| 中图分类: | P315.75 | |
| 科图分类: | ||
| 主题词: | 大地震--da di zhen--地震预报--研究 | |
| 电子资源: | ||
| ISBN: | 978-7-5207-0485-4 | |
| 000 | 01637nam0 2200301 450 | |
| 001 | 012001000909 | |
| 005 | 20131107084604.0 | |
| 010 | @a978-7-5207-0485-4@dCNY69.80 | |
| 099 | @aCAL 012018184413 | |
| 100 | @a20181017d2018 em y0chiy50 ea | |
| 101 | 0 | @achi |
| 102 | @aCN@b110000 | |
| 105 | @aabk a 000yy | |
| 106 | @ar | |
| 200 | 1 | @a大地震临震预报的曙光@Ada di zhen lin zhen yu bao de shu guang@e求解地震预报的制度困局@f李尚勇著 |
| 210 | @a北京@c东方出版社@d2018 | |
| 215 | @a475页@c图, 地图@d23cm@e附件1册 (15页, 21cm) | |
| 312 | @a附件题名: 家庭防震避险手册 | |
| 314 | @a李尚勇,现实制度问题研究者,独立学者,四川省雅安行政学院经济学副教授。 | |
| 320 | @a有书目 | |
| 330 | @a本书从社会科学的角度运用制度分析方法研究地震预报预警制度,并在众多地震地质科学家的支持和帮助下完成。本书深入研究了中外近百年地震史和中国近40年的数百震例,包括地震预测失败和成功实现预测预报并取得减灾实效的众多震例,深入分析了唐山地震和汶川地震漏报的制度原因,剖析了封闭型地震预报制度的严重缺陷及政府、地震部门的行为模式存在的不足,并在此基础上,借鉴中外地震地质科学家近几十年的研究成果,构建了本书关于大地震短临预警的理论体系,从而找到了大地震临震预警的有效途径。本书在地震预报的制度层面进行了卓有成效的理论探索,为我国地震预报制度体系的改革和建设提出了极具参考意义的政策建议,具有很强的现实意义。 | |
| 517 | 1 | @a求解地震预报的制度困局@Aqiu jie di zhen yu bao de zhi du kun ju |
| 517 | 1 | @a家庭防震避险手册@Ajia ting fang zhen bi xian shou ce |
| 606 | 0 | @a大地震@Ada di zhen@x地震预报@x研究 |
| 690 | @aP315.75@v5 | |
| 701 | 0 | @a李尚勇@Ali shang yong@4著 |
| 801 | 0 | @aCN@b北京卓展文化@c20191020 |
| 905 | @b1197146-9@dP315.75@e148@f4 | |
| 大地震临震预报的曙光:求解地震预报的制度困局/李尚勇著.-北京:东方出版社,2018 |
| 475页:图, 地图;23cm+附件1册 (15页, 21cm) |
| ISBN 978-7-5207-0485-4:CNY69.80 |
| 本书从社会科学的角度运用制度分析方法研究地震预报预警制度,并在众多地震地质科学家的支持和帮助下完成。本书深入研究了中外近百年地震史和中国近40年的数百震例,包括地震预测失败和成功实现预测预报并取得减灾实效的众多震例,深入分析了唐山地震和汶川地震漏报的制度原因,剖析了封闭型地震预报制度的严重缺陷及政府、地震部门的行为模式存在的不足,并在此基础上,借鉴中外地震地质科学家近几十年的研究成果,构建了本书关于大地震短临预警的理论体系,从而找到了大地震临震预警的有效途径。本书在地震预报的制度层面进行了卓有成效的理论探索,为我国地震预报制度体系的改革和建设提出了极具参考意义的政策建议,具有很强的现实意义。 |
| ● |
| 相关链接 |
|
|
|
|
正题名:大地震临震预报的曙光
索取号:P315.75/148
 
预约/预借
| 序号 | 登录号 | 条形码 | 馆藏地/架位号 | 状态 | 备注 |
| 1 | 1197146 | 211971464 | 第二样本阅览室/ [索取号:P315.75/148] | 在馆 | |
| 2 | 1197147 | 211971473 | 第三借阅区/ [索取号:P315.75/148] | 在馆 | |
| 3 | 1197148 | 211971482 | 第三借阅区/ [索取号:P315.75/148] | 在馆 | |
| 4 | 1197149 | 211971491 | 第三借阅区/ [索取号:P315.75/148] | 在馆 |